Komparácia slovenského a českého manažmentu vo vybranom podniku bakalárska práca

Uložené v:
Podrobná bibliografia
Hlavný autor: Svítoková, Nikola
Korporativný autor: Fakulta podnikového manažmentu EU. Katedra manažmentu
Ďalší autori: Novysedlák, Martin, 1991-
Médium: Kniha
Jazyk:Slovak
Vydavateľské údaje: Bratislava 2022
Tagy: Pridať tag
Žiadne tagy, Buďte prvý, kto otaguje tento záznam!

MARC

LEADER 00000nbm a2200000 4500
001 0285566
005 20230221143044.7
041 0 |a slo 
044 |a SK 
245 1 0 |a Komparácia slovenského a českého manažmentu vo vybranom podniku  |b bakalárska práca  |c Nikola Svítoková ; školiteľ: Martin Novysedlák 
264 1 |a Bratislava  |c 2022 
300 |a 44 s. 
100 1 |a Svítoková, Nikola 
700 1 |a Novysedlák, Martin, 1991- 
710 2 |a Fakulta podnikového manažmentu EU. Katedra manažmentu